00583nam a2200157Ia 4500008004100000020001500041082002000056100002700076245005600103260003500159300001100194856008000205942001200285999001900297952010900316210430s9999 xx 000 0 und d a0121746518 a668.4234 C55911 aT.C. Mike Chung952114 aFunctionalization of Polyolefins /cT.C. Mike Chung aNew YorkbAcademic Pressc2002 a274 p. uhttp://10.250.8.41:8080/xmlui/handle/123456789/46541yFor E-Book Click here cBK2ddc c562870d562870 001040708NFICaSCMEbSCMEcGENd0000-00-00l0o668.4234 C55911pSCME-1752r2021-04-30w2021-04-30yBK